000 00492nam a22001937a 4500
003 IIN
005 20250411122744.0
008 250411b |||ad||| |||| 001 0 eng d
020 _a9789392242038
_c325.00
040 _aIIN
082 _a579
_bGUP
100 _aGupta, Pooja
245 _aTextbook of Microbiology for GNM Nursing Students
_cPooja Gupta
260 _aPunjab
_bVHS
_c2021
300 _aviii, 124 p.
_bill.
500 _aIncludes Index
650 _aMicrobiology
942 _cBOOK
999 _c1743
_d1743